<?xml version="1.0" encoding="UTF-8"?>
<record
    xmlns:xsi="http://www.w3.org/2001/XMLSchema-instance"
    xsi:schemaLocation="http://www.loc.gov/MARC21/slim http://www.loc.gov/standards/marcxml/schema/MARC21slim.xsd"
    xmlns="http://www.loc.gov/MARC21/slim">

  <leader>03407cam a22004098i 4500</leader>
  <controlfield tag="001">22134706</controlfield>
  <controlfield tag="003">CSPC</controlfield>
  <controlfield tag="005">20250807120110.0</controlfield>
  <controlfield tag="008">210715s2022    enk      b    001 0 eng  </controlfield>
  <datafield tag="010" ind1=" " ind2=" ">
    <subfield code="a">  2021033478</subfield>
  </datafield>
  <datafield tag="020" ind1=" " ind2=" ">
    <subfield code="a">9780367537166</subfield>
    <subfield code="q">(paperback)</subfield>
  </datafield>
  <datafield tag="035" ind1=" " ind2=" ">
    <subfield code="a">22134706</subfield>
  </datafield>
  <datafield tag="040" ind1=" " ind2=" ">
    <subfield code="a">DLC</subfield>
    <subfield code="b">eng</subfield>
    <subfield code="e">rda</subfield>
    <subfield code="c">DLC</subfield>
    <subfield code="d">CSPC</subfield>
  </datafield>
  <datafield tag="042" ind1=" " ind2=" ">
    <subfield code="a">pcc</subfield>
  </datafield>
  <datafield tag="050" ind1="0" ind2="0">
    <subfield code="a">NA2005</subfield>
    <subfield code="b">.H39 2022</subfield>
  </datafield>
  <datafield tag="082" ind1="0" ind2="0">
    <subfield code="a">720.72</subfield>
    <subfield code="b">H313a</subfield>
    <subfield code="2">23</subfield>
  </datafield>
  <datafield tag="100" ind1="1" ind2=" ">
    <subfield code="a">Hawkes, Dean,</subfield>
    <subfield code="e">author.</subfield>
  </datafield>
  <datafield tag="245" ind1="1" ind2="4">
    <subfield code="a">The architect and the academy :</subfield>
    <subfield code="b">essays on research and environment /</subfield>
    <subfield code="c">Dean Hawkes ; foreword by Susannah Hagan.</subfield>
  </datafield>
  <datafield tag="263" ind1=" " ind2=" ">
    <subfield code="a">2112</subfield>
  </datafield>
  <datafield tag="264" ind1=" " ind2="1">
    <subfield code="a">Abingdon, Oxon ;</subfield>
    <subfield code="a">New York, NY :</subfield>
    <subfield code="b">Routledge,</subfield>
    <subfield code="c">2022.</subfield>
  </datafield>
  <datafield tag="300" ind1=" " ind2=" ">
    <subfield code="a">xiii, 174 pages :</subfield>
    <subfield code="b">illustrations ;</subfield>
    <subfield code="c">23 cm.</subfield>
  </datafield>
  <datafield tag="336" ind1=" " ind2=" ">
    <subfield code="a">text</subfield>
    <subfield code="b">txt</subfield>
    <subfield code="2">rdacontent</subfield>
  </datafield>
  <datafield tag="337" ind1=" " ind2=" ">
    <subfield code="a">unmediated</subfield>
    <subfield code="b">n</subfield>
    <subfield code="2">rdamedia</subfield>
  </datafield>
  <datafield tag="338" ind1=" " ind2=" ">
    <subfield code="a">volume</subfield>
    <subfield code="b">nc</subfield>
    <subfield code="2">rdacarrier</subfield>
  </datafield>
  <datafield tag="490" ind1="0" ind2=" ">
    <subfield code="a">Routledge research in architecture</subfield>
  </datafield>
  <datafield tag="504" ind1=" " ind2=" ">
    <subfield code="a">Includes bibliographical references and index.</subfield>
  </datafield>
  <datafield tag="505" ind1="0" ind2=" ">
    <subfield code="a">Introduction -- The centre and the periphery: some reflections on the nature and conduct of architectural research -- The Architect and the academy -- The shaping of architectural research -- Bridging the cultures: architecture, models and computers in 1960s Cambridge -- The environment of the Elizabethan house: Hardwick hall -- The origins of building science in the architecture of renaissance England -- The measurable and the Unmeasurable of daylight design -- The selective environment: environmental design and cultural identity -- The technical imagination: thoughts on the relation of technique and design in architecture -- Typology versus invention: acoustics and the architecture of music performance -- Musical affinities: Aalto and kokkonen, scarpa and nono.</subfield>
  </datafield>
  <datafield tag="520" ind1=" " ind2=" ">
    <subfield code="a">"This book presents an expansive overview of the development of architectural and environmental research, with authoritative essays spanning Dean Hawkes' impressive 50-year academic career. The book is structured in two thematic parts, The Nature and Practice of Architectural Research and Themes in the Architecture of Environment. It considers the relationship between the technologies of environment and wider historical and theoretical factors, with chapters on topics ranging from the origins of modern 'building science' in Renaissance England to technology and imagination in architecture. It includes numerous architectural examples from the renowned architects such as Christopher Wren, Peter Zumthor, Alvar Aalto, Robert Venturi and Carlo Scarpa. Aimed at students, scholars, and researchers in architecture and beyond, this illustrated volume collates important and wide-ranging essays tracing the definition, scope and methodologies of architectural and environmental studies, with a foreword by Susannah Hagan"--</subfield>
    <subfield code="c">Provided by publisher.</subfield>
  </datafield>
  <datafield tag="650" ind1=" " ind2="0">
    <subfield code="a">Architecture</subfield>
    <subfield code="x">Research.</subfield>
  </datafield>
  <datafield tag="650" ind1=" " ind2="0">
    <subfield code="a">Buildings</subfield>
    <subfield code="x">Environmental engineering</subfield>
    <subfield code="x">Research.</subfield>
  </datafield>
  <datafield tag="700" ind1="1" ind2=" ">
    <subfield code="a">Hagan, Susannah,</subfield>
    <subfield code="e">writer of foreword.</subfield>
  </datafield>
  <datafield tag="776" ind1="0" ind2="8">
    <subfield code="i">Online version:</subfield>
    <subfield code="a">Hawkes, Dean.</subfield>
    <subfield code="t">Architect and the academy</subfield>
    <subfield code="d">Abingdon, Oxon ; New York, NY : Routledge, 2022</subfield>
    <subfield code="z">9781003083023</subfield>
    <subfield code="w">(DLC) 2021033479</subfield>
  </datafield>
  <datafield tag="906" ind1=" " ind2=" ">
    <subfield code="a">7</subfield>
    <subfield code="b">cbc</subfield>
    <subfield code="c">orignew</subfield>
    <subfield code="d">1</subfield>
    <subfield code="e">ecip</subfield>
    <subfield code="f">20</subfield>
    <subfield code="g">y-gencatlg</subfield>
  </datafield>
  <datafield tag="942" ind1=" " ind2=" ">
    <subfield code="2">ddc</subfield>
    <subfield code="c">BK</subfield>
    <subfield code="e">23</subfield>
    <subfield code="h">720.72</subfield>
    <subfield code="i">H313a</subfield>
    <subfield code="k">ENG</subfield>
    <subfield code="m">2022</subfield>
    <subfield code="n">0</subfield>
  </datafield>
  <datafield tag="952" ind1=" " ind2=" ">
    <subfield code="0">0</subfield>
    <subfield code="1">0</subfield>
    <subfield code="2">ddc</subfield>
    <subfield code="4">0</subfield>
    <subfield code="7">0</subfield>
    <subfield code="a">CSPC</subfield>
    <subfield code="b">CSPC</subfield>
    <subfield code="c">ENG</subfield>
    <subfield code="d">2025-08-07</subfield>
    <subfield code="l">0</subfield>
    <subfield code="o">ENG 720.72 H313a 2022</subfield>
    <subfield code="p">029873</subfield>
    <subfield code="r">2025-08-07 12:01:35</subfield>
    <subfield code="t">1-1</subfield>
    <subfield code="w">2025-08-07</subfield>
    <subfield code="y">BK</subfield>
  </datafield>
  <datafield tag="999" ind1=" " ind2=" ">
    <subfield code="c">29927</subfield>
    <subfield code="d">29927</subfield>
  </datafield>
</record>
